00748nam a2200157Ia 4500008004100000024006800041082001900109100008500128245005800213260002500271600002700296650003300323856010700356952011000463999001700573250506s9999 xx 000 0 und d a09B-132-EE, 09B-113-EE, 09B-114-EE, 09B-146-EE & 09B-147-EE a621.389072 USA aUsama Ahmed, Danish Ahmed, S. Raheel Khan, Noman Razzak & S. M. Ahsn Abbas Zaidi 0aBuilding Management System Using RS-485 Communication aKarachi:bUIT,c2009 aElectronic Engineering aBachelor of Engineering (BE) uhttps://drive.google.com/file/d/1g8s7r2ZoIXgRRVJzU7O_HzhK0SqGLgKd/view?usp=sharingyClick here for PDF 001040708PR-EEaUITUbUITUd2022-07-26l0o621.389072 USApEE-232r2025-05-06 11:34:14w2025-05-06yPR c27985d27985